00730nam a2200241 a 4500001001000000003000500010005001700015008004100032010001100073011001100084020001800095040000900113082002400122100002800146245014600174250001100320260003200331300001400363650002800377650001800405700003500423700003000458000107709CHAP20220329143940.0131021s2013 mx |r| ||||||spa d a104171 a105143 a9786073215114 cCHAP04a003.35369bG21 20131 aGarcía Dunna, Eduardo10aSimulación y análisis de sistemas con ProModel /cpor Eduardo García Dunna, Heriberto García Reyes y Leopoldo E. Cárdenas Barrón. a2a ed. aMéxico :bPearson,c2013. ax, 346 p.14aAnálisis de sistemas.14aSimulación.1 aCardenas Barrón, Leopoldo E.1 aGarcía Reyes, Heriberto